Sports Quiz

Random Sports or NHL Quiz

Big 4 Teams with 'M' Quiz Stats

 Plays Quiz Updated Dec 29, 2016

Challenge
Share
Tweet
Embed
Score 0/10 Timer 01:30
11 Plays Today
% Correct
Miami Marlins
84.6%
New York Mets
71.7%
Seattle Mariners
68.1%
Dallas Mavericks
62.7%
Orlando Magic
48%
Toronto Maple Leafs
34%
Los Angeles Rams
33.1%
Minnesota Timberwolves
26.4%
Arizona Diamondbacks
23%
Calgary Flames
18.6%

You're not logged in!

Compare scores with friends on all Sporcle quizzes.
OR
Log In

You Might Also Like...

Show Comments

Extras

Top Quizzes Today


Score Distribution

Your Account Isn't Verified!

In order to create a playlist on Sporcle, you need to verify the email address you used during registration. Go to your Sporcle Settings to finish the process.

Report this User

Report this user for behavior that violates our Community Guidelines.

Details: